书目信息 |
| 题名: |
比较
|
|
| 作者: | 吴敬琏 | |
| 分册: | (五) | |
| 出版信息: | 北京 中信出版社 2003 |
|
| 页数: | 184 | |
| 开本: | 24cm | |
| 丛书名: | ||
| 单 册: | ||
| 中图分类: | F064.2 | |
| 科图分类: | ||
| 主题词: | 经济学--分支科学 | |
| 电子资源: | ||
| ISBN: | 7-80073-681-4 | |
| 000 | 00485nam0 2200181 450 | |
| 001 | 0760515518 | |
| 005 | 20070817164835.51 | |
| 010 | @a7-80073-681-4@d¥20.00 | |
| 100 | @a20070817d km y0chiy0120 ea | |
| 101 | 0 | @achi |
| 200 | 1 | @a比较@Abi jiao@h(五)@f吴敬琏@Fwu jing lian |
| 210 | @a北京@c中信出版社@d2003 | |
| 215 | @a184@d24cm | |
| 606 | 0 | @a经济学@x分支科学 |
| 690 | @aF064.2@v3 | |
| 701 | 0 | @a吴敬琏@Awu jing lian |
| 801 | 0 | @aCN@bPFT@c20070817 |
| 905 | @a213230@dF064.2@eg61:5@f1 | |
| 比较.(五)/吴敬琏.-北京:中信出版社,2003 |
| 184;24cm |
| ISBN 7-80073-681-4:¥20.00 |
| ● |
| 相关链接 |
|
|
|
|
正题名:比较
索取号:F064.2/g61:5
 
预约/预借
| 序号 | 登录号 | 条形码 | 馆藏地/架位号 | 状态 | 备注 |
| 1 | 6501695 | 265016957 | 密集书库-海洋学院/ [索取号:F064.2/g61:5] | 在馆 |